ARRUPE JESUIT UNIVERSITY

CORONAVIRUS -STOP THE SPREAD - CLEAN,DISINFECT,COVER

The Ape that spoke : (Record no. 122271)

MARC details
000 -LEADER
fixed length control field 00652nam a22001937a 4500
008 - FIXED-LENGTH DATA ELEMENTS--GENERAL INFORMATION
fixed length control field 150304b xxu||||| |||| 00| 0 eng d
020 ## - INTERNATIONAL STANDARD BOOK NUMBER
International Standard Book Number 9780688103262
050 ## - LIBRARY OF CONGRESS CALL NUMBER
Classification number GN281.4.M4 1990
100 ## - MAIN ENTRY--PERSONAL NAME
Personal name McCrone, John
9 (RLIN) 15765
245 ## - TITLE STATEMENT
Title The Ape that spoke :
Remainder of title language and the evolution of the human mind
Statement of responsibility, etc / by John McCrone
260 ## - PUBLICATION, DISTRIBUTION, ETC. (IMPRINT)
Place of publication, distribution, etc New York
Name of publisher, distributor, etc William Morrow and company
Date of publication, distribution, etc 1990
300 ## - PHYSICAL DESCRIPTION
Extent 288p. ;
Dimensions 24cm.
650 ## - SUBJECT ADDED ENTRY--TOPICAL TERM
Topical term or geographic name as entry element Human evolution
9 (RLIN) 15766
650 ## - SUBJECT ADDED ENTRY--TOPICAL TERM
Topical term or geographic name as entry element Brain
General subdivision Evolution
9 (RLIN) 14694
650 ## - SUBJECT ADDED ENTRY--TOPICAL TERM
Topical term or geographic name as entry element Language and languages
General subdivision origin
9 (RLIN) 14516
650 ## - SUBJECT ADDED ENTRY--TOPICAL TERM
Topical term or geographic name as entry element Self-perception
9 (RLIN) 15767
650 ## - SUBJECT ADDED ENTRY--TOPICAL TERM
Topical term or geographic name as entry element Consciousness
9 (RLIN) 15768
942 ## - ADDED ENTRY ELEMENTS (KOHA)
Source of classification or shelving scheme Library of Congress Classification
Item type Monograph ( Printed materials)
Holdings
Withdrawn status Lost status Source of classification or shelving scheme Damaged status Not for loan Collection code Home library Current library Shelving location Date acquired Total Checkouts Full call number Barcode Date last seen Date last borrowed Price effective from Koha item type
    Library of Congress Classification     Main Collection ARRUPE LIBRARY ARRUPE LIBRARY Main Collection 04/03/2015 2 GN281.4.M4 1990 46500002787 13/03/2020 12/03/2020 04/03/2015 Monograph ( Printed materials)

 

Arrupe Library. PO Box MP320 Mt Pleasant, Harare, Zimbabwe
263 242 745411|librarian@aju.ac.zw